| 000 | 00789cam a22002534a 4500 | ||
|---|---|---|---|
| 020 | _a0821350714 | ||
| 040 | _cDLC | ||
| 082 | 0 | 0 | _a333 WOR 2003 A019 Co. |
| 100 | 1 | _aDeininger, Klaus W., | |
| 245 | 1 | 0 | _aLand policies for growth and poverty reduction / |
| 260 |
_aWashington, DC : _bWorld Bank ; _aOxford ; _aNew York : _bOxford University Press, _cc2003. |
||
| 300 |
_axlvi, 239 p. : _bcol. ill. ; _c24 cm. |
||
| 650 | 0 | _aLand tenure | |
| 650 | 0 | _aLand use | |
| 650 | 0 | _aLand reform | |
| 650 | 0 | _aFarm ownership | |
| 650 | 0 | _aRight of property | |
| 650 | 0 | _aRural poor | |
| 650 | 0 | _aPoverty | |
| 710 | 2 | _aWorld Bank. | |
| 856 | 4 | 1 | _uhttp://www.loc.gov/catdir/toc/fy041/2003050076.html |
| 856 | 4 | 2 | _uhttp://www.loc.gov/catdir/enhancements/fy0614/2003050076-d.html |
| 942 | _cEK | ||
| 999 |
_c12418 _d12418 |
||